ostéologie membre supérieur - Statistiques

Statistiques générales
  • Ce quiz a été pris 142 fois
  • Le résultat moyen est 12 sur 20
Statistiques - réponses
Par images Réponse % Correct
humérus
95%
scapula
95%
radius
94%
ulna
92%
clavicule
91%
phalanges
85%
scaphoïde
77%
trapéze
74%
trapézoïde
71%
pisiforme
69%
capitatum
66%
lunatum
66%
hamatum
61%
métacarpes
54%
triquetrum
54%
ceinture scapulaire
41%
Aucun quiz correspondant
Distribution des résultats
% des personnes avec chaque résultat
Percentile par nombre de réponses
Votre historique - résultats
Vous n’avez pas pris ce quiz